El primer nueva corónica y buen gobierno /
Kaydedildi:
| Yazar: | |
|---|---|
| Diğer Yazarlar: | , , |
| Materyal Türü: | Bilinmiyor |
| Dil: | Spanish |
| Baskı/Yayın Bilgisi: |
México :
Siglo Veintiuno,
1988.
|
| Edisyon: | 2 edición |
| Seri Bilgileri: | (Colección América Nuestra ;
número 31) |
| Konular: | |
| Etiketler: |
Etiketle
Etiket eklenmemiş, İlk siz ekleyin!
|
MARC
| LEADER | 000000000a22000000004500 | ||
|---|---|---|---|
| 001 | 001696 | ||
| 020 | |a 9682309727 | ||
| 041 | 0 | |a spa | |
| 082 | 0 | 4 | |a 985.062 |b G912p2 v. 1 |
| 100 | 1 | |a Guaman Poma de Ayala, Felipe, [Waman Puma] | |
| 245 | 1 | 3 | |a El primer nueva corónica y buen gobierno / |c Felipe Guaman Poma de Ayala ; Johan V. Murra, editor ; Rolena Adorno, editor ; Jorge L. Urioste, traducción. |
| 250 | |a 2 edición | ||
| 260 | 1 | |a México : |b Siglo Veintiuno, |c 1988. | |
| 300 | |a 3 volúmenes : |b ilustraciones. | ||
| 490 | 1 | |a (Colección América Nuestra ; |v número 31) | |
| 500 | |a Otro ejemplar con número de inscripción 1733 (volumen 2), 1734 (volumen 3), 1732 (volumen 1732) | ||
| 650 | 4 | |a INCAS | |
| 650 | 4 | |a PERU | |
| 650 | 4 | |a VIDA SOCIAL Y COSTUMBRES | |
| 650 | 4 | |a HISTORIA | |
| 650 | 4 | |a HASTA 1820 | |
| 700 | 1 | |a Murra, Johan V., |e editor | |
| 700 | 1 | |a Adorno, Rolena, |e editor | |
| 700 | 1 | |a Urioste, Jorge L., |e traducción | |
| 773 | |q páginas 850-1177 | ||
| 999 | |c 8385 |d 8385 | ||
| 942 | |c BK |h 985.062 G912p2 v. 1 |2 z | ||



